[Event "URS Army-ch"]
[Site "Tashkent"]
[Date "1987.??.??"]
[Round "?"]
[White "Klovans, Janis"]
[Black "Goldin, Alexander"]
[Result "0-1"]
[WhiteElo "2420"]
[BlackElo "2440"]

1.e4 e5 2.Nf3 Nc6 3.Bb5 a6 4.Ba4 Nf6 5.O-O Be7 6.Re1 b5 7.Bb3 d6 8.c3 O-O
9.h3 Bb7 10.d4 Re8 11.Nbd2 Bf8 12.Bc2 h6 13.a3 Nb8 14.b4 Nbd7 15.Bb2 g6 16.c4 exd4
17.cxb5 axb5 18.Nxd4 c6 19.N2b3 Rc8 20.Na5 Ba8 21.Qd2 Qb6 22.Ndb3 c5 23.bxc5 dxc5
24.e5 Nd5 25.Be4 Qe6 26.a4 bxa4 27.Rxa4 Nxe5 28.Raa1 c4 29.Bxe5 cxb3 30.Bb2 Red8
31.Nxb3 Nc3 32.Bxa8 Rxd2 33.Nxd2 Qb6 34.Bxc3 Rxc3 35.Nf1 Bc5 36.Ne3 Bxe3
37.fxe3 Rxe3 38.Rxe3 Qxe3+ 39.Kh1 Kg7 40.Bf3 h5 41.Rf1 Qe5 42.Bd1 f6 43.Kg1 Qd4+
44.Kh1 Kh6 45.Bf3 Kg5 46.g3 Qe5 47.h4+ Kh6 48.Kg2 Qd4 49.Rf2 g5 50.hxg5+ fxg5
51.Be2 g4 52.Bf1 Kg5 53.Be2 h4 54.Rf4 Qd5+ 55.Kg1 Qc5+ 56.Kg2 Qd5+ 57.Kg1 Qc5+
58.Kg2 Qc6+ 59.Kg1 Qb6+ 60.Kg2 Qc6+ 61.Kg1 Qc1+ 62.Kg2 h3+ 63.Kh2 Qd2 64.Rxg4+ Kf5
65.Rf4+ Ke5 66.Kxh3 Qxe2 67.Rf8 Qb2 68.Rf4 Qa2 69.Rf8 Qd5 70.Kh2 Qd2+ 71.Kg1 Qh6
72.Rf3 Qh3 73.Ra3 Kd4 74.Ra4+ Ke3 75.Ra3+ Ke2 76.Ra2+ Kd1 77.Ra1+ Kc2 78.Ra3 Kc1
79.Kf2 Qh8 80.Rd3 Qh2+ 81.Kf1 Qh5 82.Rc3+ Kd2 83.Ra3 Qd5  0-1

[Event "URS Army-ch"]
[Site "Tashkent"]
[Date "1987.??.??"]
[Round "?"]
[White "Khalifman, Alexander"]
[Black "Goldin, Alexander"]
[Result "1/2-1/2"]
[WhiteElo "2515"]
[BlackElo "2440"]

1.d4 Nf6 2.c4 e6 3.Nf3 d5 4.g3 Bb4+ 5.Nc3 O-O 6.Bg2 dxc4 7.O-O Nc6 8.Re1 Nd5
9.Qc2 Be7 10.Ne4 Ndb4 11.Qc3 e5 12.Nxe5 Nxd4 13.Be3 Nbc2 14.Bxd4 Qxd4 15.Nc6  1/2-1/2

[Event "Uzhgorod"]
[Site "Uzhgorod"]
[Date "1987.??.??"]
[Round "?"]
[White "Goldin, Alexander"]
[Black "Epishin, Vladimir"]
[Result "1-0"]
[WhiteElo "2440"]
[BlackElo "2400"]

1.d4 Nf6 2.c4 g6 3.g3 c6 4.Bg2 d5 5.Nf3 Bg7 6.O-O O-O 7.Qa4 Nbd7 8.cxd5 Nb6
9.Qa3 cxd5 10.Nc3 Ne4 11.Bf4 Nc4 12.Qb4 Nxc3 13.bxc3 e6 14.e4 Qb6 15.Qb3 Bd7
16.exd5 exd5 17.Nd2 Bc6 18.Rfe1 Nxd2 19.Bxd2 Qxb3 20.axb3 a5 21.Ra2 Rfd8
22.Bf4 a4 23.bxa4 Rxa4 24.Rxa4 Bxa4 25.Bc7 Rc8 26.Bb6 Rxc3 27.Bxd5 Bf8 28.Kg2 Bc6
29.Bxc6 Rxc6 30.Rb1 Rd6 31.Kf3 Rd7 32.Ke4 f5+ 33.Kd3 Kf7 34.Kc4 Be7 35.Bc5 Rc7
36.Kb5 Bf6 37.f4 Rd7 38.Kc4 Rc7 39.Rb6 Bd8 40.d5 Rd7 41.Rb1 h5 42.h4 Rc7
43.d6 Rd7 44.Kd5 Bf6 45.Bb6 Be7 46.Bc5 Bf6 47.Rb3 Be7 48.Re3 Bf6 49.Bb4 Bd8
50.Bc3 Bb6 51.Re6 Bd8 52.Bd4 b6 53.Re3 Ra7  1-0

[Event "Uzhgorod"]
[Site "Uzhgorod"]
[Date "1987.??.??"]
[Round "?"]
[White "Yakovich, Yuri"]
[Black "Goldin, Alexander"]
[Result "0-1"]
[WhiteElo "2450"]
[BlackElo "2440"]

1.d4 Nf6 2.c4 e6 3.Nf3 Bb4+ 4.Nbd2 b6 5.a3 Bxd2+ 6.Qxd2 Bb7 7.e3 d6 8.Be2 Nbd7
9.O-O O-O 10.b4 Qe7 11.Bb2 c5 12.dxc5 bxc5 13.Rfd1 Ne4 14.Qe1 Nb6 15.Rac1 a5
16.b5 d5 17.Nd2 f5 18.f3 Nxd2 19.Qxd2 Nd7 20.a4 Rf7 21.Ba3 f4 22.exf4 d4
23.Re1 Qd6 24.Bd3 Rxf4 25.Rxe6 Qxe6 26.Qxf4 Rf8 27.Qd2 Ne5 28.Bxc5 Rxf3 29.Re1 Qg4
30.Rxe5 Rxd3 31.Re8+ Kf7 32.Re7+ Kg8 33.Re8+ Kf7 34.Re7+ Kg8 35.Re8+ Kf7
36.Re7+ Kg8 37.Re8+ Kf7 38.Rf8+ Ke6 39.Rf4 Qg6 40.Qe1+ Re3 41.Qg3 Rxg3 42.hxg3 Qxg3
43.Rf2  0-1

[Event "Uzhgorod"]
[Site "Uzhgorod"]
[Date "1987.??.??"]
[Round "?"]
[White "Shneider, Aleksandr"]
[Black "Goldin, Alexander"]
[Result "1/2-1/2"]
[WhiteElo "2470"]
[BlackElo "2440"]

1.d4 d5 2.Nf3 Nf6 3.c4 e6 4.Nc3 Be7 5.Bg5 h6 6.Bxf6 Bxf6 7.e3 O-O 8.Rc1 c6
9.Bd3 Nd7 10.O-O dxc4 11.Bxc4 c5 12.Qe2 cxd4 13.exd4 Nb6 14.Bd3 g6 15.Qe4 Bg7
16.Rfd1 Rb8 17.Ne5 Bd7 18.Bb1 Qe8 19.Qe2 Bc6 20.Ne4 Bxe4 21.Bxe4 Qe7 22.Qb5 Rfd8
23.g3 Qd6 24.Bf3 h5 25.h4 Nd5 26.Nc4 Qe7 27.Ne5 Qd6 28.Nc4 Qe7 29.Ne5 Qd6
30.Nc4  1/2-1/2

[Event "Uzhgorod"]
[Site "Uzhgorod"]
[Date "1987.??.??"]
[Round "?"]
[White "Serper, Grigory"]
[Black "Goldin, Alexander"]
[Result "1/2-1/2"]
[WhiteElo "2365"]
[BlackElo "2440"]

1.e4 e5 2.Nf3 Nc6 3.Bb5 a6 4.Ba4 Nf6 5.O-O Be7 6.Re1 b5 7.Bb3 O-O 8.c3 d6
9.d3 Na5 10.Bc2 c5 11.Nbd2 Re8 12.Nf1 h6 13.h3 Bf8 14.d4 cxd4 15.cxd4 exd4
16.Nxd4 g6 17.b3 Bg7 18.Bb2 Nh5 19.Qd2 Qb6 20.Ne3 Bb7 21.Nd5 Bxd5 22.exd5 Nb7
23.b4 Re5 24.Bb3 Rae8 25.Nf3 Rxe1+ 26.Rxe1 Rxe1+ 27.Nxe1 Qd8 28.Bxg7 Kxg7
29.g3 Qe7 30.Nf3 Nf6 31.Qc3 Qe2 32.Kg2 a5 33.bxa5 Nc5 34.Qd4 Qe7 35.Bd1 Qa7
36.g4 g5 37.h4 Qxa5 38.hxg5 hxg5 39.Qe3 Nce4 40.Nxg5 Qd2 41.Nxe4 Qxe3 42.fxe3 Nxe4
43.Kf3 Nc3 44.Bb3 Kf6 45.Kf4 Ne2+ 46.Ke4 Nc1 47.Kd4 Kg5 48.Kc3 Nxb3 49.axb3 Kxg4
50.Kb4 Kf3 51.Kxb5 Kxe3 52.Kc6 f5 53.Kxd6 f4 54.Kc6 f3 55.d6 f2 56.d7 f1=Q
57.d8=Q Qf5 58.Qb6+ Kf3 59.Kb7 Qd7+ 60.Ka6 Kg3 61.Qe3+ Kh2 62.Qe5+ Kh3 63.Qc3+ Kh2
64.b4 Qe6+ 65.Ka7 Qd7+ 66.Kb8 Qe8+ 67.Kc7 Qe7+ 68.Kb6 Qe4 69.b5 Kg1 70.Qc5+ Kh2
71.Ka7 Qh7+ 72.Ka6 Qd3 73.Kb7 Qe4+ 74.Qc6 Qe3 75.b6 Kg1 76.Qd5 Qe7+ 77.Kc6 Qf6+
78.Kc5 Qc3+ 79.Qc4 Qe5+ 80.Qd5 Qc3+ 81.Kb5 Qb2+ 82.Ka6 Qa3+ 83.Kb7 Qe7+ 84.Kc8 Qe8+
85.Kb7 Qe7+  1/2-1/2

[Event "Uzhgorod"]
[Site "Uzhgorod"]
[Date "1987.??.??"]
[Round "?"]
[White "Kanstler, Boris"]
[Black "Goldin, Alexander"]
[Result "1/2-1/2"]
[WhiteElo "2405"]
[BlackElo "2440"]

1.d4 d5 2.c4 e6 3.Nc3 Be7 4.Nf3 Nf6 5.Bg5 Nbd7 6.e3 O-O 7.Rc1 dxc4 8.Bxc4 a6
9.a4 c5 10.O-O cxd4 11.exd4 Nb6 12.Bb3 Bd7 13.Re1 Bc6 14.Ne5 Nbd5 15.Qd3 g6
16.Qh3 Qd6 17.Qh4 Qd8 18.Qh3 Qd6 19.Qh4 Qd8 20.Qh3 Qd6  1/2-1/2

[Event "Uzhgorod"]
[Site "Uzhgorod"]
[Date "1987.??.??"]
[Round "?"]
[White "Huzman, Alexander"]
[Black "Goldin, Alexander"]
[Result "1/2-1/2"]
[WhiteElo "2435"]
[BlackElo "2440"]

1.c4 e6 2.g3 d5 3.Bg2 Nf6 4.Nf3 dxc4 5.Qa4+ Nbd7 6.Qxc4 c5 7.Qb3 Rb8 8.d3 Bd6
9.Nc3 a6 10.O-O O-O 11.Ng5 Bc7 12.Rd1 Qe7 13.Nge4 b6 14.Nxf6+ Nxf6 15.d4 cxd4
16.Rxd4 b5 17.Ne4 Nxe4 18.Bxe4 Be5 19.Rd3 Bb7 20.Bxb7 Rxb7 21.Be3 Rc8 22.Bd4 Bxd4
23.Rxd4 Rd7 24.Rxd7 Qxd7 25.Rd1 Qc6 26.Rd2 Qc1+ 27.Qd1 Qxd1+ 28.Rxd1 Kf8
29.Rd2 Ke7 30.Kg2 Rc4  1/2-1/2

[Event "Uzhgorod"]
[Site "Uzhgorod"]
[Date "1987.??.??"]
[Round "?"]
[White "Goldin, Alexander"]
[Black "Oll, Lembit"]
[Result "0-1"]
[WhiteElo "2440"]
[BlackElo "2440"]

1.d4 Nf6 2.c4 e6 3.Nc3 Bb4 4.e3 c5 5.Bd3 Nc6 6.Ne2 cxd4 7.exd4 d5 8.cxd5 Nxd5
9.O-O Nf6 10.Bc2 h6 11.Qd3 Bd6 12.a3 Ne7 13.Nf4 Bd7 14.Re1 Bc6 15.b4 a6 16.Bb3 O-O
17.Ra2 Rc8 18.Rc2 Bb8 19.a4 Qd6 20.b5 axb5 21.axb5 Bd5 22.Bxd5 Nexd5 23.Ncxd5 Nxd5
24.Rxc8 Rxc8 25.g3 Qb4 26.Bd2 Nxf4 27.gxf4 Qd6 28.Ra1 Qd5 29.Ra8 b6 30.Ra6 Bc7
31.Be3 Bd8 32.Ra1 Bf6 33.Ra6 Bxd4 34.Kf1 Qh1+ 35.Ke2 Bxe3 36.Qxe3 Rc2+  0-1

[Event "Uzhgorod"]
[Site "Uzhgorod"]
[Date "1987.??.??"]
[Round "?"]
[White "Goldin, Alexander"]
[Black "Novikov, Igor A"]
[Result "1/2-1/2"]
[WhiteElo "2440"]
[BlackElo "2480"]

1.d4 Nf6 2.c4 e6 3.Nf3 d5 4.Nc3 c6 5.Bg5 dxc4 6.e4 b5 7.e5 h6 8.Bh4 g5 9.exf6 gxh4
10.Ne5 Qxf6 11.a4 Bb4 12.Be2 c5 13.Bf3 Nd7 14.Bxa8 cxd4 15.Nc6 dxc3 16.Nxb4 cxb2
17.Rb1 a5 18.Nc6 b4 19.O-O c3 20.Nxa5 Qe5 21.Nc4 Qc5 22.Ne3 Ba6 23.Re1 Nf6
24.Qc2 Ke7 25.Bf3 Rd8 26.Red1 Rc8 27.Re1 Rd8 28.Rbd1 Rc8 29.Rd4 Kf8 30.Rf4 Kg7
31.Ng4 Qd6 32.Nxf6 Bd3 33.Qb3 b1=Q 34.Rxb1 Bxb1 35.Nh5+ Kf8 36.Rc4 Rxc4 37.Qxc4 c2
38.Qc8+ Ke7 39.Qb7+ Kd8 40.Qa8+ Ke7  1/2-1/2

[Event "Uzhgorod"]
[Site "Uzhgorod"]
[Date "1987.??.??"]
[Round "?"]
[White "Goldin, Alexander"]
[Black "Gelfand, Boris"]
[Result "1/2-1/2"]
[WhiteElo "2440"]
[BlackElo "2470"]

1.d4 Nf6 2.c4 d6 3.Nf3 g6 4.g3 Bg7 5.Bg2 O-O 6.Nc3 c6 7.O-O Qa5 8.e4 Na6
9.e5 dxe5 10.Nxe5 Be6 11.Qb3 Qb4 12.Be3 Rfd8 13.Rfc1 Ne8 14.Ne4 Bf5 15.f4 Bxe4
16.Bxe4 Nd6 17.Qxb4 Nxb4 18.Bb1 Nf5 19.Bxf5 gxf5 20.a3 Na6 21.Kf2 Nc7 22.Rd1 Ne8
23.Rac1 e6 24.h3 h5 25.a4 Bf8 26.Rg1 f6 27.Nd3 Kf7 28.Kf3 Nd6 29.a5 Ne4 30.b4 Bd6
31.Nc5 b6 32.Nxe4 fxe4+ 33.Kxe4 Bxb4 34.a6 c5 35.dxc5 f5+ 36.Kf3 bxc5 37.g4 hxg4+
38.hxg4 Rd3 39.Ke2 Ra3  1/2-1/2

[Event "Uzhgorod"]
[Site "Uzhgorod"]
[Date "1987.??.??"]
[Round "?"]
[White "Goldin, Alexander"]
[Black "Dreev, Alexey"]
[Result "0-1"]
[WhiteElo "2440"]
[BlackElo "2465"]

1.c4 e6 2.g3 d5 3.Bg2 c6 4.Nf3 dxc4 5.Qc2 b5 6.a4 Bb7 7.b3 cxb3 8.Qxb3 b4
9.Ne5 Qc7 10.Bb2 c5 11.Bxb7 Qxb7 12.O-O Nf6 13.a5 Be7 14.Na3 O-O 15.Nac4 Nc6
16.f4 Nd4 17.Bxd4 cxd4 18.a6 Qe4 19.d3 Qd5 20.Ra5 Qd8 21.Rb5 Rc8 22.Rb7 Bc5
23.f5 Qd5 24.Qa4 exf5 25.Rxf5 Qe6 26.Rf1 h5 27.Rf4 Nd5 28.Rfxf7 Rxf7 29.Rxf7 Nb6
30.Nxb6 Bxb6 31.Qb5 Rc5 32.Rf8+ Kxf8 33.Nd7+ Ke7 34.Nxc5 Qf5  0-1

[Event "Uzhgorod"]
[Site "Uzhgorod"]
[Date "1987.??.??"]
[Round "?"]
[White "Giorgadze, Giorgi"]
[Black "Goldin, Alexander"]
[Result "1/2-1/2"]
[WhiteElo "2380"]
[BlackElo "2440"]

1.d4 d5 2.c4 e6 3.Nf3 Nf6 4.Nc3 Be7 5.Bg5 h6 6.Bxf6 Bxf6 7.e3 O-O 8.Rc1 a6
9.cxd5 exd5 10.Bd3 Re8 11.O-O c6 12.Qb3 Nd7 13.Rfe1 Nb6 14.h3 Be6 15.Ne2 Rb8
16.Nf4 Nd7 17.Nxe6 Rxe6 18.Bf5 Re7 19.Re2 Qb6 20.Qxb6 Nxb6 21.Bd3 Ree8 22.Kf1 g6
23.Rec2 a5 24.Nd2 a4 25.a3 Be7 26.Nb1 Bd6 27.Nc3 Kg7 28.g3 Ra8 29.Kg2 h5
30.h4 Re7  1/2-1/2

[Event "GMA-Open"]
[Site "Belgrade"]
[Date "1988.??.??"]
[Round "?"]
[White "Goldin, Alexander"]
[Black "Reshevsky, Samuel Herman"]
[Result "1/2-1/2"]
[WhiteElo "2530"]
[BlackElo "2445"]

1.d4 Nf6 2.c4 e6 3.Nf3 Bb4+ 4.Bd2 Qe7 5.g3 Nc6 6.Nc3 O-O 7.Bg2 d5 8.a3 Bxc3
9.Bxc3 Ne4 10.Qc2 a5 11.b3 b6 12.Bb2 Bb7 13.O-O f5 14.Rac1 Rac8 15.Rfd1 f4
16.Rf1 fxg3 17.hxg3 Rf6 18.Nd2 Nxd2 19.Qxd2 Qf7 20.Rc3 Nd8 21.f4 Qh5 22.c5 b5
23.c6 Bxc6 24.Rfc1 Be8 25.Rxc7 Rxc7 26.Rxc7 Nf7 27.e4 Nh6 28.Rc8 Rf8 29.Bc3 Ng4
30.Bf3 dxe4 31.Bxe4 Bg6 32.Rc5 Qh3 33.Qg2 Qxg2+ 34.Bxg2 b4 35.axb4 axb4 36.Bxb4 Rb8
37.Ba3 Ne3 38.Bh3 Bf5 39.Rc3 Nd5 40.Bxf5 exf5 41.Rd3 Kf7 42.Bd6 Rb6 43.Bc5 Rb8
44.Kf2 h6 45.Ke2 g5 46.fxg5 hxg5 47.Kd2 Kg6 48.Rf3 g4 49.Rd3 f4 50.Bd6 Rd8
51.Bxf4 Nxf4 52.gxf4 Kf5 53.Ke3 Re8+ 54.Kf2 Kxf4 55.d5 Rd8 56.b4 Ke5  1/2-1/2

[Event "GMA-Open"]
[Site "Belgrade"]
[Date "1988.??.??"]
[Round "?"]
[White "Goldin, Alexander"]
[Black "Mirkovic, Slobodan"]
[Result "0-1"]
[WhiteElo "2530"]
[BlackElo "2395"]

1.d4 d5 2.c4 dxc4 3.Nf3 Nf6 4.e3 e6 5.Bxc4 c5 6.O-O a6 7.Bd3 Nc6 8.Nc3 cxd4
9.exd4 Be7 10.Bg5 O-O 11.Rc1 Bd7 12.a3 Nd5 13.Be3 Nxc3 14.bxc3 b5 15.Ra1 Bf6
16.a4 bxa4 17.Rxa4 a5 18.Bb5 Ne7 19.Qb3 Bxb5 20.Qxb5 Nd5 21.Bd2 Qc7 22.Rc4 Qb8
23.Qxb8 Rfxb8 24.Ra1 Nb6 25.Rc5 a4 26.Kf1 a3 27.Ke2 Be7 28.Rc7 Nd5 29.Rc6 a2
30.c4 Nb4 31.Bxb4 Rxb4 32.Nd2 Rb2 33.Kd3 Bb4 34.Nf3 Rb1 35.Rxa2 Rxa2 36.c5 h6
37.Rb6 Rd1+ 38.Kc4 Ba3 39.c6 Rc2+ 40.Kb3 Rb1+ 41.Kxc2 Rxb6 42.Ne5 Bd6  0-1

[Event "GMA-Open"]
[Site "Belgrade"]
[Date "1988.??.??"]
[Round "?"]
[White "Goldin, Alexander"]
[Black "Kosanovic, Goran A"]
[Result "1-0"]
[WhiteElo "2530"]
[BlackElo "2395"]

1.d4 Nf6 2.c4 g6 3.g3 Bg7 4.Bg2 O-O 5.Nc3 d6 6.Nf3 Nc6 7.O-O a6 8.h3 Rb8
9.e4 b5 10.e5 Nd7 11.e6 fxe6 12.d5 exd5 13.cxd5 Na5 14.Nd4 Ne5 15.Nce2 Bd7
16.Nf4 Qc8 17.Nde6 Rf7 18.Nxg7 Kxg7 19.b3 c5 20.Bb2 Kg8 21.Rc1 Bf5 22.Qd2 b4
23.g4 c4 24.gxf5 c3 25.Bxc3 bxc3 26.Rxc3 Qxf5 27.Ne6 Nb7 28.f4 Nd7 29.Rc7 Nf6
30.Nd4  1-0

[Event "GMA-Open"]
[Site "Belgrade"]
[Date "1988.??.??"]
[Round "?"]
[White "Cvetkovic, Srdjan"]
[Black "Goldin, Alexander"]
[Result "1/2-1/2"]
[WhiteElo "2450"]
[BlackElo "2530"]

1.c4 e5 2.Nc3 d6 3.d4 exd4 4.Qxd4 Nc6 5.Qd2 Nf6 6.Nf3 g6 7.b3 Bg7 8.Bb2 O-O
9.e3 Bf5 10.Be2 a5 11.O-O Re8 12.Rad1 Ne4 13.Nxe4 Bxe4 14.Bxg7 Kxg7 15.Qc3+ Qf6
16.Qxf6+ Kxf6 17.Nd4 Nxd4 18.Rxd4 Bc6 19.Bf3 Bxf3 20.gxf3 Re5 21.f4 Rh5 22.Rd5 Rxd5
23.cxd5 Ke7 24.Rc1 Kd7 25.Rc4 c6 26.dxc6+ bxc6 27.f5 Rb8 28.fxg6 hxg6 29.Rf4 Ke6
30.Re4+ Kd7 31.Rf4 Ke7 32.Re4+ Kf8 33.Rc4 Rb6 34.Kf1 Ke7 35.Ke2 Ke6 36.Re4+ Kd7
37.Rf4 f5 38.Rh4 Ke6 39.Kd3 Rb4 40.Rh8 a4 41.Kc3 axb3 42.axb3 Rg4 43.f4 Kd5
44.Kd3 Rg1 45.h4 Rb1 46.Kc2 Rh1 47.Kd3 Kc5 48.Rh6 Rg1 49.h5 gxh5 50.Rxh5 Kb4  1/2-1/2

[Event "GMA-Open"]
[Site "Belgrade"]
[Date "1988.??.??"]
[Round "?"]
[White "Goldin, Alexander"]
[Black "Schmidt, Wlodzimierz"]
[Result "1-0"]
[WhiteElo "2530"]
[BlackElo "2465"]

1.d4 Nf6 2.c4 g6 3.g3 c6 4.Bg2 d5 5.Nf3 Bg7 6.O-O O-O 7.Qb3 Qb6 8.Nc3 Bf5
9.Ne5 Rd8 10.Bf4 Be6 11.Na4 Qxb3 12.axb3 Nbd7 13.Rfc1 Rac8 14.Nc3 a6 15.Nxd7 Nxd7
16.cxd5 cxd5 17.Nxd5 Rxc1+ 18.Rxc1 Bxd4 19.Nxe7+ Kg7 20.Bxb7 Bxb2 21.Rb1 Nc5
22.Bf3 Bf6 23.Nc6 Rc8 24.Na5 Bc3 25.b4 Bf5 26.Rd1 Bxb4 27.Nc6 a5 28.Ne7 Re8
29.Nxf5+ gxf5 30.Be3 Ne6 31.Rd5 a4 32.Rb5 Bc3 33.Rb7 a3 34.Ra7 Bb2 35.Bd5 Kf6
36.Kg2 Rd8 37.Bc4 Rc8 38.Bd5 Rd8 39.Ba2 Rc8 40.Kf3 Rc7 41.Ra6 Rc2 42.Bb1 Rc3
43.Kg2 Rb3 44.Ba2 Rb5 45.Ra7 Rb8 46.Ra6 Rc8 47.h4 h5 48.Bg5+ Kg7 49.Be3 Rc2
50.Bb1 Rc7 51.Bxf5 Rb7 52.Bd3 Rc7 53.Be4 Rc4 54.Bd3 Rc7 55.Ra5 Rc8 56.f4 Rc7
57.Kf3 Nc5 58.Bxc5 Rxc5 59.Rxc5 a2 60.Ra5 a1=Q 61.Rxa1 Bxa1  1-0

[Event "GMA-Open"]
[Site "Belgrade"]
[Date "1988.??.??"]
[Round "?"]
[White "Zlotnik, Boris A"]
[Black "Goldin, Alexander"]
[Result "0-1"]
[WhiteElo "2440"]
[BlackElo "2530"]

1.d4 Nf6 2.c4 e6 3.Nf3 Bb4+ 4.Bd2 a5 5.g3 d6 6.Bg2 Nbd7 7.O-O e5 8.Qc2 O-O
9.Nc3 exd4 10.Nxd4 Nb6 11.b3 Bc5 12.e3 d5 13.Nce2 dxc4 14.bxc4 Qe7 15.Nb3 Bb4
16.Bxb4 Qxb4 17.c5 Nc4 18.Nbd4 Na3 19.Qb3 c6 20.Rfc1 Rd8 21.h3 Nd5 22.Qd1 Be6
23.Kh2 Nc7 24.Nf4 a4 25.Be4 h6 26.Qf3 Bd5 27.Nxd5 cxd5 28.Bd3 Nc4 29.c6 b5
30.Qf5 g6 31.Qf4 Rd6 32.Rab1 Qc5 33.Qxh6 Re8 34.h4 Qa3 35.Bxc4 bxc4 36.Qf4 Re4
37.Qf3 Kg7 38.Qe2 Ne6 39.Nb5 Qc5 40.Nxd6 Qxd6 41.Rb6 Rxh4+ 42.Kg2 Re4 43.Rd1 c3
44.Rbb1 Qc5 45.Rbc1 Qxc6 46.Rd3 d4 47.f3 Re5 48.Qc2 Rb5 49.Rdd1 Ng5 50.e4 Qe6
51.Qxa4 Qh3+  0-1

[Event "GMA-Open"]
[Site "Belgrade"]
[Date "1988.??.??"]
[Round "?"]
[White "Timoshchenko, Gennadi A"]
[Black "Goldin, Alexander"]
[Result "1-0"]
[WhiteElo "2455"]
[BlackElo "2530"]

1.d4 d6 2.e4 Nf6 3.Nc3 g6 4.Nf3 Bg7 5.Be2 O-O 6.O-O c5 7.d5 Na6 8.h3 Nc7
9.a4 Rb8 10.Bf4 a6 11.e5 Nfe8 12.a5 b5 13.axb6 Rxb6 14.Na4 Rb4 15.c4 Bd7
16.b3 Qb8 17.Rb1 Bf5 18.Bd3 Nxd5 19.Bg3 Bxd3 20.Qxd3 Ndc7 21.Bf4 f6 22.exd6 exd6
23.Rfe1 Rf7 24.Bg3 Bf8 25.h4 Qc8 26.h5 gxh5 27.Nh4 f5 28.Bf4 Rb7 29.Nc3 Ne6
30.Nd5 N8g7 31.Qg3 Nxf4 32.Qxf4 Kh8 33.Qh6 Qd8 34.Nf3 Ne8 35.Qxh5  1-0

[Event "URS-FL56"]
[Site "Klaipeda"]
[Date "1988.??.??"]
[Round "?"]
[White "Shirov, Alexei"]
[Black "Goldin, Alexander"]
[Result "1-0"]
[WhiteElo "2380"]
[BlackElo "2530"]

1.d4 d5 2.c4 e6 3.Nc3 Be7 4.cxd5 exd5 5.Bf4 Nf6 6.e3 O-O 7.Nf3 Bf5 8.Qb3 Nc6
9.a3 Na5 10.Qa2 c5 11.Be2 c4 12.Nd2 Rc8 13.h3 h6 14.g4 Bd3 15.Rd1 Ne4 16.Bxd3 Nxc3
17.bxc3 cxd3 18.Nb1 Nc4 19.Rxd3 Rc6 20.Nd2 Qa5 21.Ke2 Rfc8 22.Rb1 Nb6 23.Qb3 Rxc3
24.Rxc3 Rxc3 25.Qb5 Qxa3 26.Nf3 Qa2+ 27.Kf1 Rc8 28.Kg2 Qc2 29.Ra1 Ra8 30.Ne5 Bh4
31.Bg3 Bxg3 32.Kxg3 Qc7 33.Kg2 a6 34.Qa5 Qd6 35.Rc1 Re8 36.Rc5 Qe6 37.Qb4 Re7
38.Rc1 Kh7 39.Kg1 g6 40.Nd3 Nc4 41.Nf4 Qe4 42.Nxd5 Qxd5 43.Qxe7 Nd2 44.e4 Qb3
45.Qc7 Nxe4 46.Qf4 Ng5 47.Qe3 Qd5 48.Rc5 Qd6 49.Rc8 Qd5 50.Qe8 Nf3+ 51.Kf1 Nh2+
52.Ke1 Nf3+ 53.Ke2 Nxd4+ 54.Ke3 Qf3+ 55.Kxd4 Qxf2+ 56.Ke5 Qb2+ 57.Kd6  1-0

[Event "URS-FL56"]
[Site "Klaipeda"]
[Date "1988.??.??"]
[Round "?"]
[White "Psakhis, Lev"]
[Black "Goldin, Alexander"]
[Result "1/2-1/2"]
[WhiteElo "2560"]
[BlackElo "2530"]

1.e4 e5 2.Nf3 Nc6 3.Bb5 a6 4.Bxc6 dxc6 5.Nc3 f6 6.d4 exd4 7.Nxd4 c5 8.Nde2 Qxd1+
9.Nxd1 Bd6 10.Bf4 Be6 11.Bxd6 cxd6 12.Ne3 Ne7 13.O-O-O O-O-O 14.Nf4 Bf7 15.h4 Kc7
16.h5 g5 17.hxg6 hxg6 18.c4 b5 19.b3 g5 20.Ne2 bxc4 21.bxc4 Ng6 22.Kc2 Kc6
23.Kc3 Be6 24.Nc1 Ne7 25.Nd3 Ng6 26.f3 Nf4 27.Kd2 Ng6 28.Rb1 Rdf8 29.Nf2 Ne7
30.Nd5 Bxd5 31.exd5+ Kc7 32.Ne4 Ng6 33.Rxh8 Rxh8 34.Nxf6 Rh2 35.Ke3 Rxg2
36.Ne8+ Kd7 37.Nxd6 Kxd6 38.Rb6+ Kd7 39.Rxg6 Rxa2 40.Rg7+ Kd6 41.Rxg5 Ra3+
42.Kd2 Rxf3 43.Rg6+ Ke5 44.Rxa6 Kd4 45.Ke2  1/2-1/2

[Event "URS-FL56"]
[Site "Klaipeda"]
[Date "1988.??.??"]
[Round "?"]
[White "Aseev, Konstantin N"]
[Black "Goldin, Alexander"]
[Result "1/2-1/2"]
[WhiteElo "2445"]
[BlackElo "2530"]

1.e4 e5 2.Nf3 Nc6 3.Bb5 a6 4.Ba4 Nf6 5.O-O Be7 6.Re1 b5 7.Bb3 d6 8.c3 O-O
9.h3 Re8 10.d4 Bb7 11.Nbd2 Bf8 12.a3 h6 13.Bc2 Nb8 14.b3 Nbd7 15.Bb2 g6 16.Bd3 Bg7
17.a4 c6 18.Qc2 Rc8 19.c4 exd4 20.Bxd4 Nh5 21.Bxg7 Nxg7 22.Bf1 Qf6 23.Rad1 bxa4
24.bxa4 c5 25.Nb1 Ne6 26.Qd2 Bc6 27.Nc3 Ne5 28.Nxe5 Qxe5 29.Nd5 g5 30.a5 Nd4
31.Rb1 Rb8 32.Rb6 Rxb6 33.axb6 Bb7 34.Re3 Kg7 35.Qd1 Rb8 36.h4 Bxd5 37.exd5 Qf6
38.hxg5 hxg5 39.Qb1 Rb7 40.Rh3 Qg6 41.Bd3 Qf6 42.Qe1 Kf8 43.Qa5 g4 44.Rh5 Qf4
45.Qe1 Rxb6 46.Rh8+ Kg7 47.Qe8 Qc1+ 48.Kh2 Qf4+ 49.Kg1  1/2-1/2

[Event "URS-FL56"]
[Site "Klaipeda"]
[Date "1988.??.??"]
[Round "?"]
[White "Goldin, Alexander"]
[Black "Dokhoian, Yury"]
[Result "0-1"]
[WhiteElo "2530"]
[BlackElo "2520"]

1.d4 Nf6 2.c4 e6 3.Nf3 b6 4.g3 Ba6 5.Nbd2 c5 6.e4 cxd4 7.e5 Ng4 8.h3 Nh6
9.Bg2 Nc6 10.O-O Nf5 11.a3 Be7 12.b4 Bb7 13.Nb3 Qc7 14.Bf4 h6 15.g4 Nh4 16.Nxh4 Bxh4
17.b5 Ne7 18.Qxd4 Bxg2 19.Kxg2 Ng6 20.Bh2 Qb7+ 21.f3 O-O 22.Rad1 Rac8 23.a4 Rc7
24.Rc1 Bg5 25.Rc2 f6 26.Qe4 Qxe4 27.fxe4 Nxe5 28.Bxe5 fxe5 29.Rxf8+ Kxf8
30.Kf3 d6 31.a5 Rf7+ 32.Kg2 bxa5 33.Nxa5 Be3 34.Nc6 Ke8 35.Ra2 Bc5 36.Kg3 Rf4
37.Nxa7 Rxe4 38.Nc6 Rxc4 39.Ra8+ Kf7 40.Rc8 Rc3+ 41.Kg2 Rc2+ 42.Kf3 e4+ 43.Kg3 e3
44.Ra8 Rb2  0-1

[Event "URS-FL56"]
[Site "Klaipeda"]
[Date "1988.??.??"]
[Round "?"]
[White "Goldin, Alexander"]
[Black "Dolmatov, Sergey"]
[Result "1/2-1/2"]
[WhiteElo "2530"]
[BlackElo "2550"]

1.d4 e6 2.c4 f5 3.g3 Nf6 4.Bg2 c6 5.Nf3 d5 6.O-O Bd6 7.b3 Qe7 8.Bb2 b6 9.Qc1 Bb7
10.Ba3 Nbd7 11.Bxd6 Qxd6 12.Qa3 Qxa3 13.Nxa3 Ke7 14.Rfc1 Rhc8 15.cxd5 cxd5
16.Ne1 Rxc1 17.Rxc1 Rc8 18.Rxc8 Bxc8  1/2-1/2

[Event "URS-FL56"]
[Site "Klaipeda"]
[Date "1988.??.??"]
[Round "?"]
[White "Goldin, Alexander"]
[Black "Gelfand, Boris"]
[Result "0-1"]
[WhiteElo "2530"]
[BlackElo "2585"]

1.d4 Nf6 2.c4 e6 3.Nf3 d5 4.Bg5 dxc4 5.Qa4+ Nbd7 6.Nc3 a6 7.Bxf6 gxf6 8.O-O-O Rb8
9.Qxc4 b5 10.Qd3 Bh6+ 11.e3 Bb7 12.d5 Qe7 13.dxe6 fxe6 14.Qd4 Bg7 15.Qh4 f5
16.Qxe7+ Kxe7 17.Be2 Nb6 18.Rhg1 Rhg8 19.Ne1 b4 20.Nb1 c5 21.g4 Bd5 22.Nd3 Bxa2
23.gxf5 exf5 24.Rg3 a5 25.Rdg1 Bf6 26.Nd2 Rxg3 27.Rxg3 c4 28.Nf4 c3 29.bxc3 Bxc3
30.Rh3 Bg8 31.Bd3 a4 32.Nb1 Bf6  0-1

[Event "URS-FL56"]
[Site "Klaipeda"]
[Date "1988.??.??"]
[Round "?"]
[White "Goldin, Alexander"]
[Black "Lukin, Andrei M"]
[Result "1-0"]
[WhiteElo "2530"]
[BlackElo "2430"]

1.d4 Nf6 2.c4 g6 3.g3 Bg7 4.Bg2 O-O 5.Nc3 Nc6 6.e3 d6 7.Nge2 e5 8.h3 Re8
9.d5 Ne7 10.e4 Nd7 11.Be3 f5 12.Qd2 Nf6 13.O-O-O Bd7 14.Bg5 Qc8 15.exf5 Nxf5
16.g4 Nd4 17.Rhe1 Nxe2+ 18.Rxe2 b5 19.Bxf6 Bxf6 20.c5 dxc5 21.Ne4 Qd8 22.d6 c6
23.g5 Bg7 24.Nxc5 Rf8 25.Rde1 Rc8 26.Rxe5 Bxe5 27.Rxe5 Bf5 28.f4 Rf7 29.Bf3 Qf8
30.Bd1 Rg7 31.Bb3+ Kh8 32.Qd4 Rd8 33.Re7 Rxd6 34.Rxg7  1-0

[Event "URS-FL56"]
[Site "Klaipeda"]
[Date "1988.??.??"]
[Round "?"]
[White "Goldin, Alexander"]
[Black "Mikhalchishin, Adrian"]
[Result "1/2-1/2"]
[WhiteElo "2530"]
[BlackElo "2480"]

1.d4 d5 2.Nf3 c5 3.c4 dxc4 4.d5 e6 5.Nc3 exd5 6.Qxd5 Qxd5 7.Nxd5 Na6 8.e4 Ne7
9.Bxc4 Nxd5 10.exd5 Bd6 11.Bxa6 bxa6 12.Be3 Bb7 13.O-O-O O-O-O 14.Rd3 Rd7
15.Rhd1  1/2-1/2

[Event "URS-FL56"]
[Site "Klaipeda"]
[Date "1988.??.??"]
[Round "?"]
[White "Goldin, Alexander"]
[Black "Smirin, Ilia"]
[Result "1/2-1/2"]
[WhiteElo "2530"]
[BlackElo "2500"]

1.d4 Nf6 2.c4 g6 3.g3 Bg7 4.Bg2 O-O 5.Nc3 d6 6.Nf3 c6 7.O-O Bf5 8.b3 Ne4
9.Bb2 Nxc3 10.Bxc3 Be4 11.e3 c5 12.Qd2 cxd4 13.Bxd4 Nc6 14.Bxg7 Kxg7 15.Rfd1 Kg8
16.Rac1 Qc8 17.Ne1 Bxg2 18.Kxg2 Rd8 19.f3 a5 20.e4 f5 21.exf5 Qxf5 22.Nc2 Rf8
23.Qe2 a4 24.b4 Qe5 25.Qd2 Qf5 26.Qe3 Qf7 27.Nd4 Nxb4 28.a3 Nc6 29.Ne6 Rfc8
30.f4 h6 31.c5 Nd8 32.Nxd8 Rxd8 33.cxd6  1/2-1/2

[Event "URS-FL56"]
[Site "Klaipeda"]
[Date "1988.??.??"]
[Round "?"]
[White "Guseinov, Aidyn"]
[Black "Goldin, Alexander"]
[Result "1-0"]
[WhiteElo "2325"]
[BlackElo "2530"]

1.d4 Nf6 2.c4 e6 3.Nc3 Bb4 4.Qc2 O-O 5.a3 Bxc3+ 6.Qxc3 b6 7.Bg5 Bb7 8.e3 d6
9.f3 Nbd7 10.Bd3 c5 11.Ne2 h6 12.Bh4 d5 13.cxd5 cxd4 14.Nxd4 Nxd5 15.Bxd8 Nxc3
16.Be7 Rfe8 17.Bd6 e5 18.Nf5 e4 19.Bc2 Nb5 20.a4 Nxd6 21.Nxd6 exf3 22.Kf2 fxg2
23.Rhd1 Nf6 24.Nxb7 Ng4+ 25.Kg1 Nxe3 26.Rd2 Re7 27.Nd6 Rd8 28.Bb3 Kh7 29.Re1 f5
30.Ne4 Rxd2 31.Nxd2 Re5 32.Re2 g5 33.Nc4 Nxc4 34.Bxc4 Rxe2 35.Bxe2 Kg6 36.Kxg2 Kf6
37.Kg3 Ke5 38.Bd3 Ke6 39.Kf3 Ke5 40.Bb5 Kd4 41.Bd7 Ke5 42.h3 Kf6 43.Ke3 Ke5
44.Bc8 h5 45.Bd7 f4+ 46.Kf3 Kd4 47.Be8 Kc4 48.Bxh5 Kb3 49.Kg4 Kxa4 50.Kxg5 Kb3
51.Kxf4  1-0